LEADER 01059nam0-22003131i-450- 001 990006989390403321 005 20040618121306.0 035 $a000698939 035 $aFED01000698939 035 $a(Aleph)000698939FED01 035 $a000698939 100 $a20011105d1938----km-y0itay50------ba 101 0 $aita 102 $aIT 105 $ay-------001yy 200 1 $a<>Carteggio linceo della vecchia Accademia di Federico Cesi (1603-1630)$fGiuseppe Gabrieli 210 $aRoma$cGiovanni Bardi$d1938 215 $a120 p.$d24 cm 225 1 $aAtti della Reale Accademia Nazionale dei Lincei$hSerie VI$iMemorie della Classe di scienze morali, storiche e filologiche$vVol. 7, fasc. 1 327 0 $a1.: (anni 1603-1609) 676 $a060$v20$zita 700 1$aGabrieli,$bGiuseppe$0220920 801 0$aIT$bUNINA$gRICA$2UNIMARC 901 $aBK 912 $a990006989390403321 952 $aCOLLEZIONE 287 (71)$b39221$fFGBC 959 $aFGBC 996 $aCarteggio linceo della vecchia Accademia di Federico Cesi (1603-1630$9698681 997 $aUNINA LEADER 01302nam2 2200313 i 450 001 LO10515351 005 20231121125521.0 010 $a8887027447 100 $a20000708d1999 ||||0itac50 ba 101 | $aita 102 $ait 181 1$6z01$ai $bxxxe 182 1$6z01$an 200 1 $a˜9: œFirenze$fa cura di Gabriella Pomaro 210 $aFirenze$cSISMEL edizioni del Galluzzo$d1999 215 $aXX, 212 p.$d26 cm. 225 | $aCorpus philosophorum Medii Aevi $iCorpus philosophorum Medii Aevi. Subsidia$v11 410 0$1001CFI0054511$12001 $aCorpus philosophorum Medii Aevi $i*Corpus philosophorum Medii Aevi. Subsidia$v11$171202$aUnione accademica nazionale$3CFIV023407 461 1$1001CFI0024412$12001 $aCatalogo di manoscritti filosofici nelle biblioteche italiane$v9 702 1$aPomaro$b, Gabriella$3RAVV050935 801 3$aIT$bIT-01$c20000708 850 $aIT-RM0313 $aIT-FR0017 899 $aBIBLIOTECA CASANATENSE$bRM0313 899 $aBiblioteca umanistica Giorgio Aprea$bFR0017 912 $aLO10515351 950 2$aBiblioteca umanistica Giorgio Aprea$d 52SALA BRAGAS.S.L. 178.11 (IX)$e 52COB0000905325 VMB RS $fA $h20161024$i20161024 977 $a 07$a 52 996 $aFirenze$9266554 997 $aUNICAS